Statistieken voor Eredivisie Clubs 2021/2022

Klik hier om de quiz te nemen!

Algemene statistieken

  • Deze quiz is 17 keer genomen
  • De gemiddelde score is 15 van 18

Antwoordstatistieken

NummerClub% Correct
13AFC Ajax
100%
12AZ Alkmaar
100%
8Feyenoord
100%
1FC Groningen
93%
4PSV
93%
10FC Twente
87%
6FC Utrecht
87%
11Heracles Almelo
87%
18SC Heerenveen
87%
7Sparta Rotterdam
87%
9SC Cambuur
80%
5NEC
73%
15PEC Zwolle
73%
17Vitesse
73%
16Fortuna Sittard
67%
2Go Ahead Eagles
67%
3RKC Waalwijk
60%
14Willem II
53%

Scoreverdeling

Percentiel versus Aantal Correcte Antwoorden

Procent van Mensen met Elke Score

Uw Scoregeschiedenis

U heeft deze quiz nog niet genomen